O Estado Novo (Record no. 45636)

MARC details
000 -Etiqueta do registo
Valores 00855nam a2200253 4500
010 ## - Número ISBN
ISBN 9789895763023
021 ## - Número do Depósito Legal
Número 551782/25
100 ## - Dados gerais de processamento
Dados gerais 20251014d2025 m y0pory50030103ba
101 0# - Língua de publicação
Língua por
102 ## - País de publicação
País PT
200 1# - Titulo e menção de responsabilidade
Título próprio O Estado Novo
Informação de outro título da autarcia à internacionalizacão da economia
Primeira menção de responsabilidade José Felix Ribeiro
Título paralelo Três séculos da Economia Portuguesa
205 ## - Menção da edição
Edição 1.ª ed.
210 #9 - Publicação
Local de publicação Lisboa
Nome do editor Guerra & Paz,
Data de publicação 2025
215 ## - Descrição física 
Paginação / Volumes 124 p.
Dimensões 23 cm
225 2# - Colecção 
Título próprio da colecção Três séculos de economia portuguesa
675 ## - CDU
Notação 338.1(469)"1950/1973"
Edição BN
Língua por
675 ## - CDU
Notação 339.9(469)"1950/1973"
Edição BN
Língua por
675 ## - CDU
Notação 339.97(469)"1950/1973"
Edição BN
Língua por
700 #1 - Autor principal
Apelido Ribeiro,
Nome José Félix,
Datas 1948-
801 #0 - Fonte de origem
País PT
Agência BN
Regras de catalogação RPC
856 41 - Localização e acesso electrónico 
URL <a href="http://rnod.bnportugal.gov.pt/ImagesBN/winlibimg.aspx?skey=&doc=2228696&img=215347&save=true">http://rnod.bnportugal.gov.pt/ImagesBN/winlibimg.aspx?skey=&doc=2228696&img=215347&save=true</a>
990 ## - Elementos KOHA
Tipo de documento Livro
Holdings
Aquisição Empréstimo Código de barras Cota Permissão de empréstimo Tipo de documento Nota relativa ao exemplar
Biblioteca Municipal de Redondo Biblioteca Municipal de Redondo 056360 338.1(469) RIB   Livro Portugal e as suas circunstâncias, ensaio da série Três séculos de Economia portuguesa. Oferta da Fundação Manuel António Mota

Powered by Koha